000 00670nam a22001817a 4500
001 BD-DhSAU 6204
003 BD-DhSAU
005 20150503113631.0
008 150503b1984 bg a||||r|||| 000 0 ben d
040 _aBD-DhSAU
082 _222
_a৬৩০.২০২
_bকৃষিপ
110 _aকৃষি তথ্য সংস্থা
245 _aকৃষি পঞ্জিকা ১৩৯১ /
260 _aঢাকা :
_bবাংলাদেশ কৃষি উন্নয়ন করপোরেশন,
_c১৯৮৫
300 _a১৬০ পৃ. :
_bচিত্র ;
_c১৮ সেমি
590 _ajoy
650 _aকৃষি পঞ্জিকা
942 _2ddc
_cBOOK
999 _c6204
_d6204